| 000 | 00340nam a2200133Ia 4500 | ||
|---|---|---|---|
| 005 | 20251222144909.0 | ||
| 008 | 251222s9999||||xx |||||||||||||| ||spa|| | ||
| 020 | _a84-7666-079-0 | ||
| 082 | _a375.001/N55 | ||
| 100 | _aNieda, Juana | ||
| 245 | 0 | _aUn Currículo Científico para Estudiantes de 11 a 14 años | |
| 264 | _bOEI | ||
| 942 | _cLIB | ||
| 999 |
_c22269 _d22269 |
||